| 000 | 00770cam a22002531 4500 | ||
|---|---|---|---|
| 001 | 10322 | ||
| 003 | BD-RjUL | ||
| 005 | 20211208234932.0 | ||
| 008 | 140123s1967 enka b 000 0 eng | ||
| 035 | _a(BD-RjUL)10370 | ||
| 040 |
_aDLC _cDLC _dDLC _dICU _dBD-RjUL _beng |
||
| 041 | _aeng | ||
| 082 | 0 | 0 |
_a546.2 _218 _bSHI 1967 |
| 100 | 1 |
_aShaw, B. L. _q(Bernard Leslie) _931886 |
|
| 245 | 1 | 0 |
_aInorganic hydrides / _cB. L. Shaw. |
| 250 | _a1st ed. | ||
| 260 |
_aOxford ; _aNew York : _bPergamon Press, _cc1967. |
||
| 300 |
_avii, 144 p. : _billus. ; _c20 cm. |
||
| 504 | _aBibliography: p. 141-142. | ||
| 650 | 0 |
_aHydrides. _931888 |
|
| 942 |
_2ddc _cBK |
||
| 999 |
_c10322 _d10322 |
||